<?xml version="1.0" encoding="UTF-8"?>
<collection xmlns="http://www.loc.gov/MARC21/slim">
 <record>
  <leader>07507cam a2201321   4500</leader>
  <controlfield tag="001">1602235996</controlfield>
  <controlfield tag="003">DE-627</controlfield>
  <controlfield tag="005">20240922202837.0</controlfield>
  <controlfield tag="007">tu</controlfield>
  <controlfield tag="008">210928s2013    gw |||||      00| ||ger c</controlfield>
  <datafield tag="010" ind1=" " ind2=" ">
   <subfield code="a">  2013382188</subfield>
  </datafield>
  <datafield tag="015" ind1=" " ind2=" ">
   <subfield code="a">12,N07</subfield>
   <subfield code="2">dnb</subfield>
  </datafield>
  <datafield tag="015" ind1=" " ind2=" ">
   <subfield code="a">12,N07</subfield>
   <subfield code="2">dnb</subfield>
  </datafield>
  <datafield tag="016" ind1="7" ind2=" ">
   <subfield code="a">101958405X</subfield>
   <subfield code="2">DE-101</subfield>
  </datafield>
  <datafield tag="020" ind1=" " ind2=" ">
   <subfield code="a">9783867321341</subfield>
   <subfield code="c">Gb.</subfield>
   <subfield code="9">978-3-86732-134-1</subfield>
  </datafield>
  <datafield tag="035" ind1=" " ind2=" ">
   <subfield code="a">(DE-627)1602235996</subfield>
  </datafield>
  <datafield tag="035" ind1=" " ind2=" ">
   <subfield code="a">(DE-576)380097257</subfield>
  </datafield>
  <datafield tag="035" ind1=" " ind2=" ">
   <subfield code="a">(DE-599)DNB101958405X</subfield>
  </datafield>
  <datafield tag="035" ind1=" " ind2=" ">
   <subfield code="a">(OCoLC)841148476</subfield>
  </datafield>
  <datafield tag="035" ind1=" " ind2=" ">
   <subfield code="a">(OCoLC)780131536</subfield>
  </datafield>
  <datafield tag="035" ind1=" " ind2=" ">
   <subfield code="a">(OCoLC)864528812</subfield>
  </datafield>
  <datafield tag="040" ind1=" " ind2=" ">
   <subfield code="a">DE-627</subfield>
   <subfield code="b">ger</subfield>
   <subfield code="c">DE-627</subfield>
   <subfield code="e">rda</subfield>
  </datafield>
  <datafield tag="041" ind1=" " ind2=" ">
   <subfield code="a">ger</subfield>
  </datafield>
  <datafield tag="044" ind1=" " ind2=" ">
   <subfield code="c">XA-DE-BE</subfield>
  </datafield>
  <datafield tag="050" ind1=" " ind2="0">
   <subfield code="a">DD65</subfield>
  </datafield>
  <datafield tag="082" ind1="0" ind2=" ">
   <subfield code="a">940</subfield>
   <subfield code="q">BSZ</subfield>
  </datafield>
  <datafield tag="082" ind1="0" ind2=" ">
   <subfield code="a">370.9</subfield>
  </datafield>
  <datafield tag="082" ind1="0" ind2="4">
   <subfield code="a">720</subfield>
   <subfield code="a">700</subfield>
   <subfield code="a">940</subfield>
   <subfield code="q">DNB</subfield>
  </datafield>
  <datafield tag="084" ind1=" " ind2=" ">
   <subfield code="a">9,10</subfield>
   <subfield code="2">ssgn</subfield>
  </datafield>
  <datafield tag="084" ind1=" " ind2=" ">
   <subfield code="a">NN 1540</subfield>
   <subfield code="q">BVB</subfield>
   <subfield code="2">rvk</subfield>
   <subfield code="0">(DE-625)rvk/126556:</subfield>
  </datafield>
  <datafield tag="084" ind1=" " ind2=" ">
   <subfield code="a">NN 4430</subfield>
   <subfield code="q">BSZ</subfield>
   <subfield code="2">rvk</subfield>
   <subfield code="0">(DE-625)rvk/126925:</subfield>
  </datafield>
  <datafield tag="084" ind1=" " ind2=" ">
   <subfield code="a">NU 1540</subfield>
   <subfield code="q">BSZ</subfield>
   <subfield code="2">rvk</subfield>
   <subfield code="0">(DE-625)rvk/131117:</subfield>
  </datafield>
  <datafield tag="084" ind1=" " ind2=" ">
   <subfield code="a">LH 67753</subfield>
   <subfield code="q">BSZ</subfield>
   <subfield code="2">rvk</subfield>
   <subfield code="0">(DE-625)rvk/94680:</subfield>
  </datafield>
  <datafield tag="084" ind1=" " ind2=" ">
   <subfield code="a">LK 10290</subfield>
   <subfield code="2">rvk</subfield>
   <subfield code="0">(DE-625)rvk/97495:</subfield>
  </datafield>
  <datafield tag="084" ind1=" " ind2=" ">
   <subfield code="a">02.01</subfield>
   <subfield code="2">bkl</subfield>
  </datafield>
  <datafield tag="084" ind1=" " ind2=" ">
   <subfield code="a">02.10</subfield>
   <subfield code="2">bkl</subfield>
  </datafield>
  <datafield tag="245" ind1="1" ind2="0">
   <subfield code="a">Residenz der Musen</subfield>
   <subfield code="b">das barocke Schloss als Wissensraum</subfield>
   <subfield code="c">Berthold Heinecke, Hole Rößler, Flemming Schock (Hg.)</subfield>
  </datafield>
  <datafield tag="250" ind1=" " ind2=" ">
   <subfield code="a">Erstausgabe, 1. Auflage</subfield>
  </datafield>
  <datafield tag="264" ind1=" " ind2="1">
   <subfield code="a">Berlin</subfield>
   <subfield code="b">Lukas Verlag</subfield>
   <subfield code="c">2013</subfield>
  </datafield>
  <datafield tag="300" ind1=" " ind2=" ">
   <subfield code="a">223 Seiten</subfield>
   <subfield code="b">Illustrationen</subfield>
  </datafield>
  <datafield tag="336" ind1=" " ind2=" ">
   <subfield code="a">Text</subfield>
   <subfield code="b">txt</subfield>
   <subfield code="2">rdacontent</subfield>
  </datafield>
  <datafield tag="337" ind1=" " ind2=" ">
   <subfield code="a">ohne Hilfsmittel zu benutzen</subfield>
   <subfield code="b">n</subfield>
   <subfield code="2">rdamedia</subfield>
  </datafield>
  <datafield tag="338" ind1=" " ind2=" ">
   <subfield code="a">Band</subfield>
   <subfield code="b">nc</subfield>
   <subfield code="2">rdacarrier</subfield>
  </datafield>
  <datafield tag="490" ind1="1" ind2=" ">
   <subfield code="a">Schriften zur Residenzkultur</subfield>
   <subfield code="v">7</subfield>
  </datafield>
  <datafield tag="500" ind1=" " ind2=" ">
   <subfield code="a">Literaturangaben</subfield>
  </datafield>
  <datafield tag="583" ind1="1" ind2=" ">
   <subfield code="a">Archivierung/Langzeitarchivierung gewährleistet</subfield>
   <subfield code="f">SSG</subfield>
   <subfield code="x">XA-DE-BW</subfield>
   <subfield code="2">pdager</subfield>
   <subfield code="5">DE-16</subfield>
  </datafield>
  <datafield tag="650" ind1=" " ind2="0">
   <subfield code="a">Castles</subfield>
   <subfield code="x">Social aspects</subfield>
   <subfield code="z">Germany</subfield>
   <subfield code="x">History</subfield>
   <subfield code="y">17th century</subfield>
   <subfield code="v">Congresses</subfield>
  </datafield>
  <datafield tag="650" ind1=" " ind2="0">
   <subfield code="a">Civilization, Baroque</subfield>
   <subfield code="z">Germany</subfield>
   <subfield code="v">Congresses</subfield>
  </datafield>
  <datafield tag="650" ind1=" " ind2="0">
   <subfield code="a">Science</subfield>
   <subfield code="z">Germany</subfield>
   <subfield code="x">History</subfield>
   <subfield code="y">17th century</subfield>
   <subfield code="v">Congresses</subfield>
  </datafield>
  <datafield tag="650" ind1=" " ind2="0">
   <subfield code="a">Collectors and collecting</subfield>
   <subfield code="z">Germany</subfield>
   <subfield code="x">History</subfield>
   <subfield code="y">17th century</subfield>
   <subfield code="v">Congresses</subfield>
  </datafield>
  <datafield tag="650" ind1=" " ind2="0">
   <subfield code="a">Cabinets of curiosities</subfield>
   <subfield code="z">Germany</subfield>
   <subfield code="v">Congresses</subfield>
  </datafield>
  <datafield tag="650" ind1="0" ind2="7">
   <subfield code="0">(DE-588)4660420-0</subfield>
   <subfield code="0">(DE-627)336839707</subfield>
   <subfield code="0">(DE-576)214762173</subfield>
   <subfield code="a">Wissensproduktion</subfield>
   <subfield code="2">gnd</subfield>
  </datafield>
  <datafield tag="650" ind1="0" ind2="7">
   <subfield code="0">(DE-588)4205605-6</subfield>
   <subfield code="0">(DE-627)104534559</subfield>
   <subfield code="0">(DE-576)210169834</subfield>
   <subfield code="a">Wissensorganisation</subfield>
   <subfield code="2">gnd</subfield>
  </datafield>
  <datafield tag="650" ind1="0" ind2="7">
   <subfield code="0">(DE-588)4190121-6</subfield>
   <subfield code="0">(DE-627)105252085</subfield>
   <subfield code="0">(DE-576)210064625</subfield>
   <subfield code="a">Wissensvermittlung</subfield>
   <subfield code="2">gnd</subfield>
  </datafield>
  <datafield tag="650" ind1="0" ind2="7">
   <subfield code="0">(DE-588)4066615-3</subfield>
   <subfield code="0">(DE-627)106112937</subfield>
   <subfield code="0">(DE-576)209165332</subfield>
   <subfield code="a">Wissenssoziologie</subfield>
   <subfield code="2">gnd</subfield>
  </datafield>
  <datafield tag="650" ind1="0" ind2="7">
   <subfield code="0">(DE-588)4049534-6</subfield>
   <subfield code="0">(DE-627)104152184</subfield>
   <subfield code="0">(DE-576)209082488</subfield>
   <subfield code="a">Wissensrepräsentation</subfield>
   <subfield code="2">gnd</subfield>
  </datafield>
  <datafield tag="650" ind1="0" ind2="7">
   <subfield code="0">(DE-588)4052753-0</subfield>
   <subfield code="0">(DE-627)104629436</subfield>
   <subfield code="0">(DE-576)209099739</subfield>
   <subfield code="a">Schloss</subfield>
   <subfield code="2">gnd</subfield>
  </datafield>
  <datafield tag="650" ind1="0" ind2="7">
   <subfield code="0">(DE-588)4122200-3</subfield>
   <subfield code="0">(DE-627)105764175</subfield>
   <subfield code="0">(DE-576)209549483</subfield>
   <subfield code="a">Höfische Kultur</subfield>
   <subfield code="2">gnd</subfield>
  </datafield>
  <datafield tag="651" ind1=" " ind2="0">
   <subfield code="a">Germany</subfield>
   <subfield code="x">Intellectual life</subfield>
   <subfield code="y">17th century</subfield>
   <subfield code="v">Congresses</subfield>
  </datafield>
  <datafield tag="651" ind1=" " ind2="7">
   <subfield code="0">(DE-588)4011882-4</subfield>
   <subfield code="0">(DE-627)104704861</subfield>
   <subfield code="0">(DE-576)208896155</subfield>
   <subfield code="a">Deutschland</subfield>
   <subfield code="2">gnd</subfield>
  </datafield>
  <datafield tag="655" ind1=" " ind2="7">
   <subfield code="a">Konferenzschrift</subfield>
   <subfield code="y">2010</subfield>
   <subfield code="z">Haldensleben</subfield>
   <subfield code="0">(DE-588)1071861417</subfield>
   <subfield code="0">(DE-627)826484824</subfield>
   <subfield code="0">(DE-576)433375485</subfield>
   <subfield code="2">gnd-content</subfield>
  </datafield>
  <datafield tag="655" ind1=" " ind2="7">
   <subfield code="a">Aufsatzsammlung</subfield>
   <subfield code="0">(DE-588)4143413-4</subfield>
   <subfield code="0">(DE-627)105605727</subfield>
   <subfield code="0">(DE-576)209726091</subfield>
   <subfield code="2">gnd-content</subfield>
  </datafield>
  <datafield tag="689" ind1="0" ind2="0">
   <subfield code="d">s</subfield>
   <subfield code="0">(DE-588)4052753-0</subfield>
   <subfield code="0">(DE-627)104629436</subfield>
   <subfield code="0">(DE-576)209099739</subfield>
   <subfield code="a">Schloss</subfield>
   <subfield code="2">gnd</subfield>
  </datafield>
  <datafield tag="689" ind1="0" ind2="1">
   <subfield code="d">s</subfield>
   <subfield code="0">(DE-588)4004541-9</subfield>
   <subfield code="0">(DE-627)106385380</subfield>
   <subfield code="0">(DE-576)208856447</subfield>
   <subfield code="a">Barock</subfield>
   <subfield code="2">gnd</subfield>
  </datafield>
  <datafield tag="689" ind1="0" ind2="2">
   <subfield code="a">z</subfield>
   <subfield code="2">gnd</subfield>
   <subfield code="a">Geschichte 1600-1750</subfield>
  </datafield>
  <datafield tag="689" ind1="0" ind2=" ">
   <subfield code="5">DE-101</subfield>
  </datafield>
  <datafield tag="689" ind1="1" ind2="0">
   <subfield code="d">s</subfield>
   <subfield code="0">(DE-588)4052753-0</subfield>
   <subfield code="0">(DE-627)104629436</subfield>
   <subfield code="0">(DE-576)209099739</subfield>
   <subfield code="a">Schloss</subfield>
   <subfield code="2">gnd</subfield>
  </datafield>
  <datafield tag="689" ind1="1" ind2="1">
   <subfield code="d">s</subfield>
   <subfield code="0">(DE-588)4004541-9</subfield>
   <subfield code="0">(DE-627)106385380</subfield>
   <subfield code="0">(DE-576)208856447</subfield>
   <subfield code="a">Barock</subfield>
   <subfield code="2">gnd</subfield>
  </datafield>
  <datafield tag="689" ind1="1" ind2="2">
   <subfield code="d">s</subfield>
   <subfield code="0">(DE-588)4138356-4</subfield>
   <subfield code="0">(DE-627)105643300</subfield>
   <subfield code="0">(DE-576)209685352</subfield>
   <subfield code="a">Ausstattung</subfield>
   <subfield code="2">gnd</subfield>
  </datafield>
  <datafield tag="689" ind1="1" ind2="3">
   <subfield code="d">s</subfield>
   <subfield code="0">(DE-588)4122200-3</subfield>
   <subfield code="0">(DE-627)105764175</subfield>
   <subfield code="0">(DE-576)209549483</subfield>
   <subfield code="a">Höfische Kultur</subfield>
   <subfield code="2">gnd</subfield>
  </datafield>
  <datafield tag="689" ind1="1" ind2="4">
   <subfield code="a">z</subfield>
   <subfield code="2">gnd</subfield>
   <subfield code="a">Geschichte 1600-1750</subfield>
  </datafield>
  <datafield tag="689" ind1="1" ind2=" ">
   <subfield code="5">DE-101</subfield>
  </datafield>
  <datafield tag="689" ind1="2" ind2="0">
   <subfield code="d">s</subfield>
   <subfield code="0">(DE-588)4052753-0</subfield>
   <subfield code="0">(DE-627)104629436</subfield>
   <subfield code="0">(DE-576)209099739</subfield>
   <subfield code="a">Schloss</subfield>
   <subfield code="2">gnd</subfield>
  </datafield>
  <datafield tag="689" ind1="2" ind2="1">
   <subfield code="d">s</subfield>
   <subfield code="0">(DE-588)4002851-3</subfield>
   <subfield code="0">(DE-627)104280352</subfield>
   <subfield code="0">(DE-576)208848975</subfield>
   <subfield code="a">Architektur</subfield>
   <subfield code="2">gnd</subfield>
  </datafield>
  <datafield tag="689" ind1="2" ind2="2">
   <subfield code="d">s</subfield>
   <subfield code="0">(DE-588)4138356-4</subfield>
   <subfield code="0">(DE-627)105643300</subfield>
   <subfield code="0">(DE-576)209685352</subfield>
   <subfield code="a">Ausstattung</subfield>
   <subfield code="2">gnd</subfield>
  </datafield>
  <datafield tag="689" ind1="2" ind2="3">
   <subfield code="d">s</subfield>
   <subfield code="0">(DE-588)4274490-8</subfield>
   <subfield code="0">(DE-627)104461225</subfield>
   <subfield code="0">(DE-576)210707186</subfield>
   <subfield code="a">Geistesleben</subfield>
   <subfield code="2">gnd</subfield>
  </datafield>
  <datafield tag="689" ind1="2" ind2="4">
   <subfield code="a">z</subfield>
   <subfield code="2">gnd</subfield>
   <subfield code="a">Geschichte 1600-1750</subfield>
  </datafield>
  <datafield tag="689" ind1="2" ind2=" ">
   <subfield code="5">(DE-627)</subfield>
  </datafield>
  <datafield tag="700" ind1="1" ind2=" ">
   <subfield code="a">Heinecke, Berthold</subfield>
   <subfield code="d">1956-</subfield>
   <subfield code="e">HerausgeberIn</subfield>
   <subfield code="0">(DE-588)11306036X</subfield>
   <subfield code="0">(DE-627)562988610</subfield>
   <subfield code="0">(DE-576)173658903</subfield>
   <subfield code="4">edt</subfield>
  </datafield>
  <datafield tag="700" ind1="1" ind2=" ">
   <subfield code="a">Rößler, Hole</subfield>
   <subfield code="d">1975-</subfield>
   <subfield code="e">HerausgeberIn</subfield>
   <subfield code="0">(DE-588)1098540506</subfield>
   <subfield code="0">(DE-627)857723766</subfield>
   <subfield code="0">(DE-576)469152648</subfield>
   <subfield code="4">edt</subfield>
  </datafield>
  <datafield tag="700" ind1="1" ind2=" ">
   <subfield code="a">Schock, Flemming</subfield>
   <subfield code="d">1977-</subfield>
   <subfield code="e">HerausgeberIn</subfield>
   <subfield code="0">(DE-588)137348215</subfield>
   <subfield code="0">(DE-627)669915580</subfield>
   <subfield code="0">(DE-576)272909998</subfield>
   <subfield code="4">edt</subfield>
  </datafield>
  <datafield tag="787" ind1="0" ind2="8">
   <subfield code="i">Rezensiert in</subfield>
   <subfield code="a">Wenzel, Michael</subfield>
   <subfield code="t">Rezension von Berthold Heinecke:  Hole Rößler  Flemming Schock (Hg.)</subfield>
   <subfield code="d">2014</subfield>
   <subfield code="w">(DE-627)1767036191</subfield>
  </datafield>
  <datafield tag="787" ind1="0" ind2="8">
   <subfield code="i">Rezensiert in</subfield>
   <subfield code="a">Ulferts, Edith</subfield>
   <subfield code="t">[Rezension von: Berthold Heinecke / Hole Rößler / Flemming Schock (Hrsg.), Residenz der Musen. Das barocke Schloss als Wissensraum]</subfield>
   <subfield code="d">2014</subfield>
   <subfield code="w">(DE-627)1797132318</subfield>
  </datafield>
  <datafield tag="830" ind1=" " ind2="0">
   <subfield code="a">Schriften zur Residenzkultur</subfield>
   <subfield code="v">7</subfield>
   <subfield code="9">7</subfield>
   <subfield code="w">(DE-627)36910191X</subfield>
   <subfield code="w">(DE-576)107493942</subfield>
   <subfield code="w">(DE-600)2119271-6</subfield>
   <subfield code="7">ns</subfield>
  </datafield>
  <datafield tag="856" ind1="4" ind2="2">
   <subfield code="u">http://www.gbv.de/dms/weimar/toc/685467457_toc.pdf</subfield>
   <subfield code="m">V:DE-601</subfield>
   <subfield code="m">B:DE-Wim2</subfield>
   <subfield code="x">Verlag</subfield>
   <subfield code="y">Inhaltsverzeichnis</subfield>
   <subfield code="3">Inhaltsverzeichnis</subfield>
  </datafield>
  <datafield tag="856" ind1="4" ind2="2">
   <subfield code="u">http://deposit.dnb.de/cgi-bin/dokserv?id=3974944&amp;prov=M&amp;dok_var=1&amp;dok_ext=htm</subfield>
   <subfield code="m">X: MVB</subfield>
   <subfield code="q">text/html</subfield>
   <subfield code="v">2013-05-01</subfield>
   <subfield code="x">Verlag</subfield>
   <subfield code="3">Inhaltstext</subfield>
  </datafield>
  <datafield tag="856" ind1="4" ind2="2">
   <subfield code="u">https://swbplus.bsz-bw.de/bsz380097257rez.htm</subfield>
   <subfield code="m">B:DE-576;DE-16</subfield>
   <subfield code="q">application/pdf</subfield>
   <subfield code="v">20141020105219</subfield>
   <subfield code="x">Verlag</subfield>
   <subfield code="3">Rezension</subfield>
  </datafield>
  <datafield tag="856" ind1="4" ind2="2">
   <subfield code="u">http://www.sehepunkte.de/2014/10/23524.html</subfield>
   <subfield code="m">V:DE-576;X:Sehepunkte</subfield>
   <subfield code="q">text/html</subfield>
   <subfield code="v">20180417093901</subfield>
   <subfield code="3">Rezension</subfield>
  </datafield>
  <datafield tag="889" ind1=" " ind2=" ">
   <subfield code="w">(DE-627)685467457</subfield>
  </datafield>
  <datafield tag="935" ind1=" " ind2=" ">
   <subfield code="i">mdedup</subfield>
  </datafield>
  <datafield tag="936" ind1="r" ind2="v">
   <subfield code="a">NN 1540</subfield>
   <subfield code="b">Geistes- und Kulturgeschichte</subfield>
   <subfield code="k">Geschichte</subfield>
   <subfield code="k">Neuere Geschichte</subfield>
   <subfield code="k">Zeitalter der Entdeckungen und der Glaubensspaltung (bis 1648)</subfield>
   <subfield code="k">Geistes- und Kulturgeschichte</subfield>
   <subfield code="0">(DE-627)1270707124</subfield>
   <subfield code="0">(DE-625)rvk/126556:</subfield>
   <subfield code="0">(DE-576)200707124</subfield>
  </datafield>
  <datafield tag="936" ind1="r" ind2="v">
   <subfield code="a">NN 4430</subfield>
   <subfield code="b">Geistes- und Kulturgeschichte</subfield>
   <subfield code="k">Geschichte</subfield>
   <subfield code="k">Neuere Geschichte</subfield>
   <subfield code="k">Zeitalter des Absolutismus (1648 - 1789)</subfield>
   <subfield code="k">Allgemeines</subfield>
   <subfield code="k">Geistes- und Kulturgeschichte</subfield>
   <subfield code="0">(DE-627)1271466597</subfield>
   <subfield code="0">(DE-625)rvk/126925:</subfield>
   <subfield code="0">(DE-576)201466597</subfield>
  </datafield>
  <datafield tag="936" ind1="r" ind2="v">
   <subfield code="a">NU 1540</subfield>
   <subfield code="b">Neuere Zeit, allgemein</subfield>
   <subfield code="k">Geschichte</subfield>
   <subfield code="k">Geschichte der Wissenschaften und des Unterrichtswesens</subfield>
   <subfield code="k">Geschichte der Wissenschaften</subfield>
   <subfield code="k">Allgemeines</subfield>
   <subfield code="k">Neuere Zeit</subfield>
   <subfield code="k">Neuere Zeit, allgemein</subfield>
   <subfield code="0">(DE-627)1441072519</subfield>
   <subfield code="0">(DE-625)rvk/131117:</subfield>
   <subfield code="0">(DE-576)371072514</subfield>
  </datafield>
  <datafield tag="936" ind1="r" ind2="v">
   <subfield code="a">LH 67753</subfield>
   <subfield code="b">Neuzeit (-1800)</subfield>
   <subfield code="k">Kunstgeschichte</subfield>
   <subfield code="k">Allgemeines. Allgemeine Kunstgeschichte</subfield>
   <subfield code="k">Kunstgeschichte einzelner Gattungen der Kunst</subfield>
   <subfield code="k">Architektur</subfield>
   <subfield code="k">Ordnung nach Aufgaben</subfield>
   <subfield code="k">Residenz, Palast, Schloss</subfield>
   <subfield code="k">Neuzeit (-1800)</subfield>
   <subfield code="0">(DE-627)127227800X</subfield>
   <subfield code="0">(DE-625)rvk/94680:</subfield>
   <subfield code="0">(DE-576)20227800X</subfield>
  </datafield>
  <datafield tag="936" ind1="r" ind2="v">
   <subfield code="a">LK 10290</subfield>
   <subfield code="b">Barock, Rokoko</subfield>
   <subfield code="k">Kunstgeschichte</subfield>
   <subfield code="k">Kunst nach Ländern bzw. Kontinenten</subfield>
   <subfield code="k">Deutschland</subfield>
   <subfield code="k">Deutsche Kunstgeschichte einzelner Epochen</subfield>
   <subfield code="k">Deutsche Kunstgeschichte der Neuzeit</subfield>
   <subfield code="k">Barock, Rokoko</subfield>
   <subfield code="0">(DE-627)127064422X</subfield>
   <subfield code="0">(DE-625)rvk/97495:</subfield>
   <subfield code="0">(DE-576)20064422X</subfield>
  </datafield>
  <datafield tag="936" ind1="b" ind2="k">
   <subfield code="a">02.01</subfield>
   <subfield code="j">Geschichte der Wissenschaft und Kultur</subfield>
   <subfield code="0">(DE-627)106403168</subfield>
  </datafield>
  <datafield tag="936" ind1="b" ind2="k">
   <subfield code="a">02.10</subfield>
   <subfield code="j">Wissenschaft und Gesellschaft</subfield>
   <subfield code="0">(DE-627)106403141</subfield>
  </datafield>
  <datafield tag="951" ind1=" " ind2=" ">
   <subfield code="a">BO</subfield>
  </datafield>
  <datafield tag="990" ind1=" " ind2=" ">
   <subfield code="a">Schloss</subfield>
  </datafield>
  <datafield tag="990" ind1=" " ind2=" ">
   <subfield code="a">Barock</subfield>
  </datafield>
  <datafield tag="990" ind1=" " ind2=" ">
   <subfield code="a">Geschichte 1600-1750</subfield>
  </datafield>
  <datafield tag="990" ind1=" " ind2=" ">
   <subfield code="a">Schloss</subfield>
  </datafield>
  <datafield tag="990" ind1=" " ind2=" ">
   <subfield code="a">Barock</subfield>
  </datafield>
  <datafield tag="990" ind1=" " ind2=" ">
   <subfield code="a">Ausstattung</subfield>
  </datafield>
  <datafield tag="990" ind1=" " ind2=" ">
   <subfield code="a">Höfische Kultur</subfield>
  </datafield>
  <datafield tag="990" ind1=" " ind2=" ">
   <subfield code="a">Geschichte 1600-1750</subfield>
  </datafield>
  <datafield tag="990" ind1=" " ind2=" ">
   <subfield code="a">Schloss</subfield>
  </datafield>
  <datafield tag="990" ind1=" " ind2=" ">
   <subfield code="a">Architektur</subfield>
  </datafield>
  <datafield tag="990" ind1=" " ind2=" ">
   <subfield code="a">Ausstattung</subfield>
  </datafield>
  <datafield tag="990" ind1=" " ind2=" ">
   <subfield code="a">Geistesleben</subfield>
  </datafield>
  <datafield tag="990" ind1=" " ind2=" ">
   <subfield code="a">Geschichte 1600-1750</subfield>
  </datafield>
  <datafield tag="991" ind1=" " ind2=" ">
   <subfield code="a">Rezensiertes Werk</subfield>
  </datafield>
  <datafield tag="999" ind1=" " ind2=" ">
   <subfield code="a">KXP-PPN1602235996</subfield>
   <subfield code="e">4183710588</subfield>
  </datafield>
 </record>
</collection>
